Cantantes música urbana españa - Estadísticas

Estadísticas generales
  • Esta prueba ha sido intentada 1.012 veces
    970 desde el último reinicio
  • La puntuación promedio es 26 de 352
Estadísticas de respuestas
Respuesta % Correcto
Quevedo
78%
Rosalia
65%
Aitana
60%
Saiko
59%
Bad Gyal
53%
Cruz Cafune
50%
C Tangana
50%
Lola Indigo
50%
Morad
43%
Rels B
43%
JC Reyes
42%
La Pantera
42%
Dellafuente
39%
Yung Beef
38%
Omar Montes
35%
Delaossa
32%
Natos y Waor
31%
Benny Jr
30%
La Zowi
30%
Lucho RK
29%
Metrika
28%
Ana mena
27%
Mvrk
26%
Don Patricio
25%
Kidd Keo
25%
Rvfv
25%
Amaia
24%
Ayax y Prok
24%
Hoke
24%
Judeline
24%
Juseph
23%
Recycled J
23%
Abhir
21%
Fernandocosta
21%
GRECAS
21%
Kaydy Cain
21%
C Mari
20%
rusowsky
20%
Abraham Mateo
19%
Gloosito
19%
Hard GZ
19%
Israel B
19%
John Pollon
19%
Kase O
19%
Raul Clyde
19%
Albany
18%
Bejo
18%
Disobey
18%
D. Valentino
18%
Natalia Lacunza
18%
Sticky MA
18%
Lhaine
17%
Aissa
16%
Al Safir
16%
Bbtrickz
16%
El Jincho
16%
Ergo Pro
16%
L0rna
16%
Ralphie Choo
16%
Soto Asa
16%
Diego900
15%
Juicy Bae
15%
Kaze
15%
Khaled
15%
Mushkaa
15%
Bon Calso
14%
Cano
14%
Rojuu
14%
Arce
13%
Maikel Delacalle
13%
Soge Culebra
13%
Ana Guerra
12%
Cecilio G
12%
El Bugg
12%
MDA
12%
Nikone
12%
Tarchi
12%
Walls
12%
Ill Pekeño
11%
Lia Kali
11%
Ptazeta
11%
Sen Senra
11%
Alba Reche
10%
Belén Aguilera
10%
Ebano
10%
María Escarmiento
10%
Barry B
9%
El Virtual
9%
Guxo
9%
Miranda
9%
Sfdk
9%
Aleesha
8%
Camin
8%
Carolina Durante
8%
Dani Fernandez
8%
Jarfaiter
8%
La Blackie
8%
Nach
8%
Nico Miseria
8%
Pimp Flaco
8%
Alizz
7%
Blake
7%
Dano
7%
El Patron970
7%
Foyone
7%
Kinder Malo
7%
Marina Reche
7%
Midas Alonso
7%
Pole
7%
Superreservao
7%
Toteking
7%
West Dubai
7%
Ben Yart
6%
Choclock
6%
Costa
6%
Cupido
6%
Dirty Suc
6%
Dollar
6%
El Bobe
6%
El IMA
6%
Elio Toffana
6%
Enry K
6%
GlorySixVain
6%
Juancho Marques
6%
Julieta
6%
Kg970
6%
Leïti Sene
6%
Marc Segui
6%
Nathy Peluso
6%
Nickzzy
6%
Ocer y rade
6%
Yassir
6%
Babi
5%
céro
5%
Delgao
5%
Denom
5%
Guitarricadelafuente
5%
Luck
5%
Nadal015
5%
Orslok
5%
Reality
5%
cybernene
4%
Faenna
4%
Goa
4%
Hecky
4%
Icy vedo
4%
Jay Dime
4%
Luna Ki
4%
Matasvandals
4%
Mayo214
4%
Pol Granch
4%
RALY
4%
Saske
4%
Sho Hai
4%
Swit Eme
4%
Amore
3%
Ardo440
3%
Bosco Herrero
3%
Easy-S
3%
El Mini
3%
Fran Laoren
3%
Funzo & Babyloud
3%
J Abecia
3%
Jime
3%
La La Love you
3%
Las Ninyas del Corro
3%
Lopes
3%
Nusar3000
3%
Oddliquor
3%
Shoda monkas
3%
Skinny flex
3%
Skinny Flex
3%
Teo Lucadamo
3%
TRISTAN!
3%
Vampi
3%
Yung Sarria
3%
Alequi
2%
Ambkor
2%
Arde Bogotá
2%
Calero LDN
2%
Cariño
2%
Chojin
2%
Clutchill
2%
Craneo
2%
Daviles de Novelda
2%
Depresión Sonora
2%
Dirty Porko
2%
El Perla
2%
Euskoprincess
2%
Israel Fernandez
2%
IZAL
2%
Javi bambini
2%
La Plazuela
2%
Love of Lesbian
2%
Love Yi
2%
Lua de Santana
2%
Main Costa
2%
Nasta
2%
Paula Cendejas
2%
Pedro LaDroga
2%
Pepe Vizio
2%
Samuel SLZR
2%
Sara Socas
2%
Sosad.97
2%
Sule B
2%
Toni Anzis
2%
Vetusta Morla
2%
Zetazen
2%
3dnan
1%
AC3
1%
Afrojuice195
1%
Antony Z
1%
Caballo de Raly
1%
Califato 3/4
1%
Caverg
1%
Chill Mafia
1%
Coco Lexa
1%
Deva
1%
Dorian
1%
El Coleta
1%
El Langui
1%
Ghostpell
1%
Ginebras
1%
Hofe
1%
Holics
1%
Jimena Amarillo
1%
La Casa Azul
1%
Los Chikos del Maiz
1%
Marlon
1%
Mejiias
1%
Memataron
1%
Mori
1%
Mucho Muchacho
1%
Mujeres
1%
Munic HB
1%
N3iz4n
1%
Nerve agent
1%
Piezas
1%
Rayden
1%
Rebe
1%
Selecto Picasso
1%
Shego
1%
Shynelevell
1%
Sofía Gabanna
1%
Somadamantina
1%
Supersubmarina
1%
Svarez
1%
Taburete
1%
Trapani
1%
Trashi
1%
Viva Suecia
1%
Zeno el faraon
1%
187 & Yassir
0%
Adriano Danzzianl
0%
Aiko
0%
Albert Stewart
0%
Alcalá Norte
0%
Anadie
0%
Ani Queen
0%
Asesino 187
0%
Axolotes Mexicanos
0%
Belako
0%
Biznaga
0%
Blondie
0%
Boba Fe
0%
Boticvrixs
0%
Brava
0%
Capaz
0%
Carlos Frio
0%
Chaman
0%
Chase
0%
Chico Blanco
0%
Chicx Rosas
0%
Chill chicos
0%
Chirie Vegas
0%
Cyrio Kamer
0%
Dave
0%
Delaporte
0%
Elefantes
0%
El mató a un policía motorizado
0%
Enjoy Canoa
0%
Érebo
0%
Erik Urano
0%
Flacosucio
0%
Flynt Hustle
0%
GG Muddy
0%
Ghouljaboy
0%
Grindn
0%
Hermanos munoz
0%
Hinds
0%
Holy Youth
0%
Howarang
0%
Huda
0%
Imperio Nita
0%
Irenegarry
0%
iuky
0%
Jaro Desperdizio
0%
Javielito
0%
J Dose
0%
J Martina
0%
J Noa
0%
Joel kurasinski
0%
Joka
0%
Kid frankie
0%
Kyne
0%
La Costa Brava
0%
La Goony Chonga
0%
Lasser
0%
Lawer & Are
0%
Lil Cake
0%
Los Punsetes
0%
Los sugus
0%
Lucigarci
0%
Ly Rayne
0%
Magno
0%
María José Llergo
0%
Mario Italia
0%
Merina Gris
0%
Nastys
0%
Nova Mejías
0%
Nueve desconocidos
0%
O2
0%
Ohdeezy!
0%
One Path
0%
Petit Ribert
0%
Polaroid 1996
0%
Pwn gang
0%
Rally48
0%
Ramos
0%
Rorro
0%
Samuraï fm
0%
Santo Tosielo
0%
Scarface Johansson
0%
Sexy Zevras
0%
Sin H
0%
Soukin
0%
Soulin
0%
Space Surimi
0%
Sr. Chinarro
0%
suai suave
0%
Sunk
0%
SUOB
0%
Swallow X
0%
The Parrots
0%
Triangulo de Amor Bizarro
0%
Tutto Vale
0%
Uzii gang
0%
Vatocholo
0%
VVS Trippin You
0%
Xoel Lopez
0%
Yung Juanito
0%
Zpu
0%
No se encontraron pruebas coincidentes
Distribución de puntuación
Porcentaje de gente con cada puntuación
Porcentaje por número respondido
Historial de tus puntuaciones
No has intentado esta prueba desde el último reinicio